Advanced Public Financial Management Reforms in South East Europe /

This paper aims to clarify possible systemic bottlenecks to the introduction of advanced PFM reforms in the SEE countries. It relates key fiscal developments to PFM reform processes over the last 15 years. PFM reform strategies must be realistic, with clear objectives and timetables, and with strong...

Ausführliche Beschreibung

Bibliographische Detailangaben
1. Verfasser: Pavesic-Skerlep, Mia
Weitere Verfasser: Tandberg, Eivind
Format: Zeitschrift
Sprache:English
Veröffentlicht: Washington, D.C. : International Monetary Fund, 2009.
Schriftenreihe:IMF Working Papers; Working Paper ; No. 2009/102
Online Zugang:Full text available on IMF
LEADER 01834cas a2200253 a 4500
001 AALejournalIMF005774
008 230101c9999 xx r poo 0 0eng d
020 |c 5.00 USD 
020 |z 9781451872491 
022 |a 1018-5941 
040 |a BD-DhAAL  |c BD-DhAAL 
100 1 |a Pavesic-Skerlep, Mia. 
245 1 0 |a Advanced Public Financial Management Reforms in South East Europe /  |c Mia Pavesic-Skerlep, Eivind Tandberg. 
264 1 |a Washington, D.C. :  |b International Monetary Fund,  |c 2009. 
300 |a 1 online resource (33 pages) 
490 1 |a IMF Working Papers 
500 |a <strong>Off-Campus Access:</strong> No User ID or Password Required 
500 |a <strong>On-Campus Access:</strong> No User ID or Password Required 
506 |a Electronic access restricted to authorized BRAC University faculty, staff and students 
520 3 |a This paper aims to clarify possible systemic bottlenecks to the introduction of advanced PFM reforms in the SEE countries. It relates key fiscal developments to PFM reform processes over the last 15 years. PFM reform strategies must be realistic, with clear objectives and timetables, and with strong country ownership. Among the advanced reforms, some aspects of medium-term budgeting seems to be somewhat less challenging than performance-oriented budgeting, and it could be rational to make sure that there is solid progress in this area first. When developing performance budgets, countries should consider focusing initial efforts on the areas that are most suitable for performance management, such as education and health. 
538 |a Mode of access: Internet 
700 1 |a Tandberg, Eivind. 
830 0 |a IMF Working Papers; Working Paper ;  |v No. 2009/102 
856 4 0 |z Full text available on IMF  |u http://elibrary.imf.org/view/journals/001/2009/102/001.2009.issue-102-en.xml  |z IMF e-Library